[Event "Rated Blitz game"]
[Site "?"]
[Date "2021.06.14"]
[Round "?"]
[White "taoneto"]
[Black "KinzyabulatovRenat"]
[Result "0-1"]
[WhiteElo "2458"]
[BlackElo "2454"]
[PlyCount "72"]
[EventDate "2021.??.??"]
[EventType "blitz"]

1. e4 e5 2. Nf3 d5 3. exd5 e4 4. Qe2 Nf6 5. Nc3 Be7 6. Nxe4 Nxd5 7. d3 O-O 8.
g3 Re8 9. Be3 f5 10. Nc3 Bb4 11. Qd2 Nc6 12. O-O-O Qd6 13. Kb1 Ba5 14. Bg2 Bxc3
15. bxc3 Qa3 16. Nd4 Nxc3+ 17. Qxc3 Qxc3 18. Bd5+ Kh8 19. Nb3 Be6 20. Bd2 Qf6
21. Bg2 a5 22. Rhe1 a4 23. Nc5 a3 24. c3 Bf7 25. d4 b6 26. Nd3 Bc4 27. Ne5 Nxe5
28. dxe5 Qe6 29. Bxa8 Bxa2+ 30. Ka1 Rxa8 31. Bc1 Bd5 32. Rd4 c5 33. Rd2 h6 34.
Red1 Be4 35. f4 Qb3 36. Rd8+ Kh7 {Time forfeit} 0-1

[Event "Rated Blitz game"]
[Site "?"]
[Date "2021.06.14"]
[Round "?"]
[White "rightitsrafa"]
[Black "KinzyabulatovRenat"]
[Result "1-0"]
[WhiteElo "2470"]
[BlackElo "2448"]
[PlyCount "61"]
[EventDate "2021.??.??"]
[EventType "blitz"]

1. e4 e5 2. Nf3 d5 3. Nc3 d4 4. Ne2 Bd6 5. d3 Ne7 6. Ng3 O-O 7. Bd2 f6 8. Be2
c5 9. Nh4 Nbc6 10. Bg4 b5 11. a4 bxa4 12. Rxa4 a5 13. O-O Kh8 14. Bxc8 Qxc8 15.
Nhf5 Nxf5 16. Nxf5 Bc7 17. Rc4 Bb6 18. f4 a4 19. Rf3 exf4 20. Bxf4 Ne5 21. Bxe5
fxe5 22. Rh3 Rxf5 23. exf5 Qxf5 24. Qh5 Qxh5 25. Rxh5 Re8 26. Rxa4 g6 27. Rh4
e4 28. Rxe4 Rxe4 29. dxe4 c4 30. Rxc4 d3+ 31. Kf1 {Normal} 1-0

[Event "Rated Blitz game"]
[Site "?"]
[Date "2021.06.14"]
[Round "?"]
[White "Mogilcheko_Tima_2007"]
[Black "magos33"]
[Result "0-1"]
[WhiteElo "2337"]
[BlackElo "2410"]
[PlyCount "59"]
[EventDate "2021.??.??"]
[EventType "blitz"]

1. e4 e5 2. Nf3 d5 3. exd5 e4 4. Qe2 Nf6 5. Nc3 Be7 6. Nxe4 O-O 7. d3 Re8 8.
Be3 Nxd5 9. O-O-O f5 10. h4 Nc6 11. h5 Bd7 12. Neg5 f4 13. d4 fxe3 14. Qc4 Bg4
15. Nh3 Bf6 16. Nf4 Nce7 17. Be2 c6 18. Ne5 Bxe2 19. Nxe2 exf2 20. Nf4 Qd6 21.
h6 g6 22. Nexg6 Nxg6 23. Nh5 Bg5+ 24. Kb1 Re4 25. Ng7 Rf8 26. Rdf1 Re1+ 27.
Rxe1 fxe1=Q+ 28. Rxe1 Bxh6 29. Qe2 Bxg7 30. Qe6+ {Normal} 0-1

[Event "Rated Rapid game"]
[Site "?"]
[Date "2021.06.14"]
[Round "?"]
[White "rushilraval1711"]
[Black "Baris_AE"]
[Result "1-0"]
[WhiteElo "2417"]
[BlackElo "2375"]
[PlyCount "57"]
[EventDate "2021.??.??"]
[EventType "rapid"]

1. e4 e5 2. Nf3 d5 3. Nxe5 Bd6 4. d4 dxe4 5. Bb5+ c6 6. Bc4 Bxe5 7. Qh5 Qe7 8.
Qxe5 Qxe5 9. dxe5 Nd7 10. e6 fxe6 11. Bxe6 Nc5 12. Bc4 b5 13. Be2 Nf6 14. Be3
Ne6 15. Nc3 Bb7 16. O-O-O O-O 17. Rd6 Kf7 18. Nxe4 Nxe4 19. Rd7+ Kf6 20. Rxb7
Rf7 21. Rxf7+ Kxf7 22. Bf3 N4c5 23. Bxc6 Rc8 24. Bxb5 a6 25. Be2 a5 26. Rd1 Ke7
27. Bg4 h6 28. Bxc5+ Rxc5 29. Re1 {Normal} 1-0

[Event "Rated Blitz game"]
[Site "?"]
[Date "2021.06.14"]
[Round "?"]
[White "danylo03"]
[Black "KinzyabulatovRenat"]
[Result "1-0"]
[WhiteElo "2451"]
[BlackElo "2439"]
[PlyCount "43"]
[EventDate "2021.??.??"]
[EventType "blitz"]

1. e4 e5 2. Nf3 d5 3. d4 dxe4 4. Nxe5 Bd6 5. Nc3 Bxe5 6. dxe5 Qxd1+ 7. Nxd1 Nc6
8. Bb5 Bd7 9. Nc3 Nd4 10. Bxd7+ Kxd7 11. Kd1 Re8 12. Be3 f5 13. Bxd4 Ke6 14.
Ke2 b6 15. Rad1 c5 16. Be3 Kxe5 17. Rd5+ Ke6 18. Rhd1 Nf6 19. Rd6+ Kf7 20. Nd5
Nxd5 21. R1xd5 Re7 22. Rxf5+ {Normal} 1-0

[Event "Rated Blitz game"]
[Site "?"]
[Date "2021.06.14"]
[Round "?"]
[White "Chess_PR"]
[Black "GoughPhar"]
[Result "1-0"]
[WhiteElo "2385"]
[BlackElo "2436"]
[PlyCount "133"]
[EventDate "2021.??.??"]
[EventType "blitz"]

1. e4 e5 2. Nf3 d5 3. d4 dxe4 4. Nxe5 Bd6 5. Bf4 Nc6 6. Nxc6 bxc6 7. Be3 Rb8 8.
b3 Nf6 9. c4 O-O 10. Be2 Bb4+ 11. Nd2 c5 12. d5 c6 13. dxc6 Qd6 14. O-O Qxc6
15. Qc2 Bf5 16. h3 Rfe8 17. Rfd1 Ba5 18. Nf1 Nd7 19. Rd5 Be6 20. Rg5 h6 21. Rh5
Bc7 22. Ng3 Bxg3 23. fxg3 Nf6 24. Rxc5 Qd6 25. g4 Rbc8 26. Rxc8 Rxc8 27. Rd1
Qg3 28. Bf2 Qf4 29. Qd2 Qe5 30. Qd4 Qg5 31. Be3 Qh4 32. Qxa7 h5 33. g5 Nh7 34.
Qa5 Bxh3 35. Rd8+ Nf8 36. Rxc8 Bxc8 37. Bf2 Qf4 38. Qc5 Bg4 39. Bxg4 hxg4 40.
Qe3 Qf5 41. c5 Ne6 42. c6 Qd5 43. Qc3 Nc7 44. b4 Qxg5 45. a4 g3 46. Bxg3 Nd5
47. c7 Nxc3 48. c8=Q+ Kh7 49. Qxc3 e3 50. Be1 e2 51. Qd2 Qd5 52. Kf2 Qf5+ 53.
Kxe2 Qe5+ 54. Kf1 Qf4+ 55. Qf2 Qe5 56. Kg1 Qa1 57. b5 Qxe1+ 58. Qxe1 g5 59. Qe5
Kg6 60. Qd6+ f6 61. b6 Kh5 62. b7 Kh4 63. b8=Q g4 64. Qg3+ Kg5 65. Qg8+ Kf5 66.
Q3xg4+ Ke5 67. Q8e6# {Normal} 1-0

[Event "Rated Blitz game"]
[Site "?"]
[Date "2021.06.14"]
[Round "?"]
[White "Bierpower"]
[Black "KinzyabulatovRenat"]
[Result "0-1"]
[WhiteElo "2466"]
[BlackElo "2463"]
[PlyCount "118"]
[EventDate "2021.??.??"]
[EventType "blitz"]

1. e4 e5 2. Nf3 d5 3. exd5 e4 4. Nd4 Qxd5 5. Nb3 Nc6 6. Nc3 Qe5 7. Bb5 Bd7 8.
O-O O-O-O 9. Qe2 Nf6 10. d3 Bd6 11. f4 exf3 12. Qxe5 Nxe5 13. Bxd7+ Rxd7 14.
gxf3 Ng6 15. Ne4 Nh5 16. Nxd6+ Rxd6 17. Bd2 Re8 18. Rae1 Rde6 19. Rxe6 Rxe6 20.
Kf2 b6 21. Nd4 Re5 22. Re1 c5 23. Nb5 Kb7 24. Nd6+ Kc6 25. Nxf7 Rxe1 26. Kxe1
Kd5 27. Ng5 h6 28. Ne4 Ngf4 29. Kf2 g5 30. Bc3 b5 31. Nf6+ Nxf6 32. Bxf6 c4 33.
dxc4+ bxc4 34. Kg3 Nh5+ 35. Kg4 Nxf6+ 36. Kf5 Nd7 37. Kg6 Ke6 38. Kxh6 Kf5 39.
Kh5 Nf6+ 40. Kh6 Nd5 41. c3 Nf4 42. b3 cxb3 43. axb3 a5 44. c4 Nd3 45. Kh5 Nc5
46. h4 gxh4 47. Kxh4 Nxb3 48. Kg3 a4 49. c5 Nxc5 50. Kf2 a3 51. Ke3 a2 52. Kd4
Ne6+ 53. Kc3 a1=Q+ 54. Kd3 Qd4+ 55. Ke2 Nf4+ 56. Ke1 Qb2 57. Kd1 Qe2+ 58. Kc1
Nd3+ 59. Kb1 Qb2# {Normal} 0-1

[Event "Rated Blitz game"]
[Site "?"]
[Date "2021.06.14"]
[Round "?"]
[White "Lady_berry"]
[Black "Schachelite"]
[Result "1-0"]
[WhiteElo "2490"]
[BlackElo "2472"]
[PlyCount "59"]
[EventDate "2021.??.??"]
[EventType "blitz"]

1. e4 e5 2. Nf3 d5 3. exd5 e4 4. Qe2 Nf6 5. Nc3 Be7 6. Nxe4 O-O 7. Nxf6+ Bxf6
8. d4 Qxd5 9. Be3 Nc6 10. Qc4 Qa5+ 11. Qc3 Qxc3+ 12. bxc3 Bg4 13. Be2 Rfe8 14.
h3 Bh5 15. O-O-O Rad8 16. Rhe1 h6 17. g4 Bg6 18. Bb5 Be4 19. Nd2 Bg2 20. Rg1 a6
21. Bd3 Bxh3 22. Rg3 Bxg4 23. Rxg4 Ne7 24. Bxh6 Nd5 25. Bxg7 Bxg7 26. Rdg1 Nxc3
27. Rxg7+ Kf8 28. Rg8+ Ke7 29. Re1+ Kd7 30. Bf5+ {Normal} 1-0

[Event "Rated Blitz game"]
[Site "?"]
[Date "2021.06.14"]
[Round "?"]
[White "Lady_berry"]
[Black "KinzyabulatovRenat"]
[Result "1-0"]
[WhiteElo "2485"]
[BlackElo "2472"]
[PlyCount "43"]
[EventDate "2021.??.??"]
[EventType "blitz"]

1. e4 e5 2. Nf3 d5 3. exd5 e4 4. Qe2 Nf6 5. Nc3 Be7 6. Nxe4 Nxd5 7. d4 O-O 8.
Nc3 Nxc3 9. bxc3 Re8 10. Be3 Bg4 11. h3 Bh5 12. g4 Bg6 13. Bg2 c5 14. O-O Nc6
15. Rfd1 Qa5 16. d5 Nb8 17. d6 Bf6 18. Rab1 Be4 19. Qc4 Bxc2 20. Rxb7 Bxd1 21.
Qxf7+ Kh8 22. Qxe8# {Normal} 1-0

[Event "Rated Blitz game"]
[Site "?"]
[Date "2021.06.14"]
[Round "?"]
[White "okchess1"]
[Black "KamranShirazi"]
[Result "0-1"]
[WhiteElo "2438"]
[BlackElo "2504"]
[PlyCount "57"]
[EventDate "2021.??.??"]
[EventType "blitz"]

1. e4 e5 2. Nf3 d5 3. exd5 e4 4. Nd4 Qxd5 5. Nb3 Bd6 6. Nc3 Qf5 7. d3 exd3 8.
Bxd3 Qe5+ 9. Be3 Nc6 10. Qe2 Be6 11. O-O-O O-O-O 12. f4 Qf6 13. f5 Bxf5 14.
Rhf1 Bxd3 15. Qxd3 Qg6 16. Qxg6 fxg6 17. h3 Nf6 18. Nb5 Be5 19. Rde1 a6 20.
Na7+ Nxa7 21. Bxa7 Rhe8 22. Bf2 b6 23. a3 a5 24. Kb1 a4 25. Nc1 Bd6 26. Nd3 Ne4
27. Bh4 g5 28. Nf2 Nd2+ 29. Kc1 {Normal} 0-1

[Event "Rated Blitz game"]
[Site "?"]
[Date "2021.06.14"]
[Round "?"]
[White "lanya_banana"]
[Black "khalid_ontawar"]
[Result "1-0"]
[WhiteElo "2537"]
[BlackElo "2447"]
[PlyCount "103"]
[EventDate "2021.??.??"]
[EventType "blitz"]

1. e4 e5 2. Nf3 d5 3. Nc3 dxe4 4. Nxe4 f5 5. Ng3 e4 6. Bc4 exf3 7. O-O Nf6 8.
Re1+ Be7 9. Qxf3 Nc6 10. c3 Bd7 11. d4 a6 12. Nxf5 Bxf5 13. Qxf5 Rf8 14. Bg5
Qd6 15. Bf4 Qd8 16. Be5 Nxe5 17. Rxe5 c6 18. Rae1 Nd5 19. Qh5+ g6 20. Qxh7 Rf7
21. Qg8+ Rf8 22. Qxg6+ Kd7 23. Bxd5 Bd6 24. Be6+ Kc7 25. Rf5 Kb6 26. g3 Qe7 27.
Re3 Rxf5 28. Bxf5 Qc7 29. c4 Ka7 30. Re8 Rxe8 31. Qxe8 Bb4 32. a3 Bd2 33. Qe2
Bg5 34. h4 Bf6 35. Qe3 Qg7 36. d5+ Bd4 37. Qg5 c5 38. Qxg7 Bxg7 39. f4 Bxb2 40.
a4 Ba3 41. h5 Bb2 42. g4 b5 43. axb5 a5 44. Bc2 a4 45. Bxa4 Kb6 46. d6 Ka5 47.
Bc2 Bf6 48. g5 Bd8 49. h6 Kb4 50. Bd3 Kc3 51. Bf1 Kd2 52. h7 {Normal} 1-0

[Event "Rated Blitz game"]
[Site "?"]
[Date "2021.06.14"]
[Round "?"]
[White "Russian_monster"]
[Black "KinzyabulatovRenat"]
[Result "0-1"]
[WhiteElo "2636"]
[BlackElo "2440"]
[PlyCount "96"]
[EventDate "2021.??.??"]
[EventType "blitz"]

1. e4 e5 2. Nf3 d5 3. Nxe5 Bd6 4. d4 dxe4 5. Nc4 Nf6 6. Nc3 O-O 7. Bg5 Be7 8.
Ne3 Nc6 9. d5 Nxd5 10. Qxd5 Bxg5 11. Qxd8 Rxd8 12. Bc4 Bxe3 13. fxe3 Ne5 14.
Bb3 Bf5 15. Rf1 Bg6 16. h3 Kh8 17. Nb5 c6 18. Nc3 b5 19. a3 a5 20. Ne2 c5 21.
a4 c4 22. Ba2 b4 23. Nd4 Rab8 24. Rd1 Kg8 25. Ke2 Rd6 26. Nb5 Rxd1 27. Rxd1 Kf8
28. Rd5 f6 29. Nd4 Bf7 30. Rxe5 fxe5 31. Nc6 Re8 32. Nxa5 Ra8 33. Nxc4 Rxa4 34.
Bb3 Ra1 35. Nd2 Bxb3 36. Nxb3 Rg1 37. Kf2 Rb1 38. Ke2 Rxb2 39. Kd2 Ke7 40. Nc5
Kd6 41. Nxe4+ Kd5 42. Kd3 Rxc2 43. Ng5 Rxg2 44. Nxh7 b3 45. Kc3 b2 46. Nf8 b1=Q
47. Nd7 Qb2+ 48. Kd3 e4# {Normal} 0-1

[Event "Rated Blitz game"]
[Site "?"]
[Date "2021.06.14"]
[Round "?"]
[White "slavyshka"]
[Black "JuNYHUTaNGCo"]
[Result "1/2-1/2"]
[WhiteElo "2371"]
[BlackElo "2465"]
[PlyCount "135"]
[EventDate "2021.??.??"]
[EventType "blitz"]

1. e4 e5 2. Nf3 d5 3. Nxe5 dxe4 4. d4 Bd6 5. Nc4 Nc6 6. Nc3 Nf6 7. d5 Ne7 8.
Ne3 Bf5 9. Bb5+ Bd7 10. Bc4 Bf5 11. Bb5+ Bd7 12. Qe2 O-O 13. Bxd7 Qxd7 14. O-O
Bb4 15. Rd1 Bxc3 16. bxc3 Nf5 17. Ba3 Rfe8 18. c4 Nxe3 19. Qxe3 Qf5 20. Bb2 Ng4
21. Qg3 e3 22. f3 Qxc2 23. Bxg7 Qf2+ 24. Qxf2 Nxf2 25. Bd4 Nxd1 26. Rxd1 c6 27.
d6 b6 28. Re1 e2 29. Kf2 c5 30. Bf6 Re6 31. Be7 f6 32. Rxe2 Rxe2+ 33. Kxe2 Kf7
34. Ke3 Ke6 35. Ke4 a6 36. a4 f5+ 37. Kf4 Rg8 38. g4 fxg4 39. fxg4 Rg7 40. h4
Rf7+ 41. Ke4 Rf1 42. h5 Rg1 43. Kf4 Rc1 44. Kg5 Rxc4 45. h6 Rxa4 46. Kh5 c4 47.
g5 c3 48. g6 hxg6+ 49. Kxg6 c2 50. h7 Rg4+ 51. Kh5 Rg1 52. h8=Q Rh1+ 53. Bh4
c1=Q 54. Qf6+ Kd5 55. Qf3+ Kxd6 56. Qd3+ Kc5 57. Kg4 Rxh4+ 58. Kxh4 Qc4+ 59.
Qxc4+ Kxc4 60. Kg3 b5 61. Kf2 b4 62. Ke1 b3 63. Kd1 a5 64. Kc1 a4 65. Kb2 a3+
66. Kxa3 Kc3 67. Ka4 b2 68. Kb5 {Time forfeit} 1/2-1/2

[Event "Rated Blitz game"]
[Site "?"]
[Date "2021.06.14"]
[Round "?"]
[White "lanya_banana"]
[Black "khalid_ontawar"]
[Result "1-0"]
[WhiteElo "2533"]
[BlackElo "2450"]
[PlyCount "35"]
[EventDate "2021.??.??"]
[EventType "blitz"]

1. e4 e5 2. Nf3 d5 3. Nc3 dxe4 4. Nxe4 f5 5. Ng3 e4 6. Bc4 exf3 7. O-O Nf6 8.
Re1+ Be7 9. Qxf3 Nc6 10. c3 Qd6 11. d4 Bd7 12. Bf4 Ne5 13. dxe5 Qc5 14. exf6
gxf6 15. Be6 O-O-O 16. Bxd7+ Rxd7 17. Qe3 Qb5 18. Qxa7 {Normal} 1-0

[Event "Rated Blitz game"]
[Site "?"]
[Date "2021.06.14"]
[Round "?"]
[White "SilenciaCuotas91"]
[Black "Killer-B"]
[Result "1-0"]
[WhiteElo "2425"]
[BlackElo "2255"]
[PlyCount "63"]
[EventDate "2021.??.??"]
[EventType "blitz"]

1. e4 e5 2. Nf3 d5 3. exd5 Bd6 4. d4 e4 5. Nfd2 f5 6. c4 b6 7. Nc3 Nf6 8. Nb3
O-O 9. Bg5 Qe8 10. Qd2 a5 11. O-O-O h6 12. Bf4 a4 13. Na1 Na6 14. Nb5 Bb4 15.
Qe2 Qe7 16. Nc2 Bd6 17. Bxd6 cxd6 18. h3 Bd7 19. Nc3 Rfc8 20. Qe3 Nh5 21. g3
Rf8 22. Be2 Nf6 23. g4 fxg4 24. hxg4 Bxg4 25. Rdg1 Bxe2 26. Nxe2 Kh7 27. Nf4
Rac8 28. Ne6 Rf7 29. Rxg7+ Rxg7 30. Qxh6+ Kg8 31. Qh8+ Kf7 32. Qxg7+ {Normal}
1-0

[Event "Rated Blitz tournament cqFQiVRE"]
[Site "?"]
[Date "2021.06.14"]
[Round "?"]
[White "Zhigalko_Sergei"]
[Black "iskander2007"]
[Result "1-0"]
[WhiteElo "2809"]
[BlackElo "2234"]
[PlyCount "131"]
[EventDate "2021.??.??"]
[EventType "blitz"]

1. e4 e5 2. Nf3 d5 3. exd5 e4 4. Qe2 f5 5. Nc3 Nf6 6. Ne5 Bd6 7. d4 O-O 8. Bf4
Nbd7 9. O-O-O Qe8 10. Nb5 a6 11. Nxd6 cxd6 12. Nc4 Nxd5 13. Bxd6 Qg6 14. Bxf8
Nxf8 15. Ne5 Qg5+ 16. Kb1 Be6 17. f3 Ne3 18. h4 Qh6 19. Re1 Nxf1 20. Rexf1 Bd5
21. fxe4 Bxe4 22. Rhg1 Rd8 23. g4 Rxd4 24. gxf5 Qd6 25. f6 Qxe5 26. fxg7 Ne6
27. Qf2 Nf4 28. Rg4 Bg6 29. Rxf4 Rxf4 30. Qxf4 Qxf4 31. Rxf4 Kxg7 32. Kc1 a5
33. c3 b5 34. Kd2 a4 35. Ke3 Bf7 36. a3 Kg6 37. Rd4 Kf5 38. Rd7 Ke6 39. Rb7 Be8
40. Rxh7 Kd5 41. Re7 Bh5 42. Kd2 Kc4 43. Re5 Bf3 44. Rg5 Bc6 45. h5 Kb3 46. Kc1
Be4 47. h6 Bd3 48. Rg4 Ka2 49. Rb4 Ka1 50. Rxb5 Bxb5 51. h7 Bc4 52. h8=Q Bb3
53. Qd4 Ka2 54. c4 Ka1 55. c5 Ka2 56. c6 Ka1 57. c7 Ka2 58. c8=Q Ka1 59. Qcc3
Ka2 60. Qxb3+ axb3 61. Qc3 Ka1 62. a4 Ka2 63. a5 Ka1 64. a6 Ka2 65. a7 Ka1 66.
a8=Q# {Normal} 1-0

[Event "Rated Blitz tournament cqFQiVRE"]
[Site "?"]
[Date "2021.06.14"]
[Round "?"]
[White "Hikari-Kun"]
[Black "iskander2007"]
[Result "0-1"]
[WhiteElo "2444"]
[BlackElo "2246"]
[PlyCount "64"]
[EventDate "2021.??.??"]
[EventType "blitz"]

1. e4 e5 2. Nf3 d5 3. d4 dxe4 4. Nxe5 Bd6 5. Nc4 Nf6 6. Nc3 h6 7. Be2 O-O 8.
Nxd6 cxd6 9. O-O Nc6 10. Bf4 d5 11. Qd2 Bf5 12. Nd1 Re8 13. Ne3 Bg6 14. c3 a6
15. Rac1 b5 16. b3 Qa5 17. Rfd1 Rad8 18. Nc2 e3 19. Nxe3 Ne4 20. Qb2 b4 21.
cxb4 Nxb4 22. Bc7 Qxa2 23. Qxa2 Nxa2 24. Rc6 Rd7 25. Ba5 Rb8 26. Rxa6 Rxb3 27.
Be1 Nac3 28. Bxc3 Nxc3 29. Re1 Nxe2+ 30. Rxe2 Rb1+ 31. Nf1 Bd3 32. Raa2 Re7 {
Normal} 0-1

[Event "Rated Rapid game"]
[Site "?"]
[Date "2021.06.14"]
[Round "?"]
[White "FearlessChess01"]
[Black "DarthZannah"]
[Result "0-1"]
[WhiteElo "2442"]
[BlackElo "2603"]
[PlyCount "68"]
[EventDate "2021.??.??"]
[EventType "rapid"]

1. e4 e5 2. Nf3 d5 3. exd5 e4 4. Qe2 Nf6 5. Nc3 Be7 6. Nxe4 O-O 7. Nxf6+ Bxf6
8. d4 Re8 9. Be3 Qxd5 10. Qc4 Qa5+ 11. c3 c6 12. Be2 Be6 13. Qd3 Bf5 14. Qd2
Nd7 15. O-O Rad8 16. b4 Qa3 17. Bg5 h6 18. Bxf6 Nxf6 19. Bd3 Bxd3 20. Qxd3 Nd5
21. b5 Qxc3 22. Qxc3 Nxc3 23. bxc6 bxc6 24. Rfe1 Rxe1+ 25. Rxe1 Nxa2 26. Ra1
Nc3 27. Rxa7 c5 28. Ne5 cxd4 29. Nc6 Rd6 30. Ne7+ Kh7 31. Nf5 Rd8 32. Rc7 d3
33. Ne3 d2 34. g3 Nd5 {Normal} 0-1

[Event "Rated Blitz game"]
[Site "?"]
[Date "2021.06.14"]
[Round "?"]
[White "Vgrechko99"]
[Black "JHuNYHuTANGCo"]
[Result "1-0"]
[WhiteElo "2495"]
[BlackElo "2467"]
[PlyCount "57"]
[EventDate "2021.??.??"]
[EventType "blitz"]

1. e4 e5 2. Nf3 d5 3. Nxe5 dxe4 4. Bc4 Qg5 5. d4 Qxg2 6. Rf1 Be6 7. Bxe6 fxe6
8. Qe2 Nf6 9. Qb5+ Nbd7 10. Qxb7 Rb8 11. Qc6 Bd6 12. Nc3 Rb6 13. Qa8+ Rb8 14.
Qc6 Ke7 15. Nxd7 Nxd7 16. Qxe4 Qxh2 17. Bg5+ Nf6 18. Nd5+ Kf7 19. Nf4 Bxf4 20.
Bxf4 Qh5 21. Qc6 Rxb2 22. Qxc7+ Kg6 23. Rg1+ Ng4 24. f3 Qb5 25. Rxg4+ Kh5 26.
Rg5+ Kh4 27. Rxb5 Rxb5 28. O-O-O Rhb8 29. Rh1# {Normal} 1-0

[Event "Rated Blitz game"]
[Site "?"]
[Date "2021.06.14"]
[Round "?"]
[White "parciful"]
[Black "KinzyabulatovRenat"]
[Result "1-0"]
[WhiteElo "2485"]
[BlackElo "2446"]
[PlyCount "51"]
[EventDate "2021.??.??"]
[EventType "blitz"]

1. e4 e5 2. Nf3 d5 3. Nxe5 Bd6 4. d4 dxe4 5. Nc4 Nf6 6. Bg5 Be7 7. Nc3 O-O 8.
Qd2 Nc6 9. O-O-O Bb4 10. a3 Ba5 11. Nxa5 Nxa5 12. d5 Bf5 13. Nxe4 Nxe4 14. Bxd8
Nxd2 15. Bxc7 Ndb3+ 16. Kb1 b6 17. d6 Nc5 18. b4 Nab7 19. bxc5 Nxc5 20. Bb5 Bd7
21. Bxd7 Nxd7 22. Rhe1 Rfe8 23. Re7 Nf6 24. Rxe8+ Nxe8 25. d7 Nxc7 26. d8=Q+ {
Normal} 1-0

[Event "Rated Blitz game"]
[Site "?"]
[Date "2021.06.14"]
[Round "?"]
[White "MrTarrasch"]
[Black "KinzyabulatovRenat"]
[Result "0-1"]
[WhiteElo "2478"]
[BlackElo "2424"]
[PlyCount "52"]
[EventDate "2021.??.??"]
[EventType "blitz"]

1. e4 e5 2. Nf3 d5 3. exd5 e4 4. Qe2 Nf6 5. Nc3 Be7 6. Nxe4 Nxd5 7. d4 O-O 8.
Be3 Re8 9. O-O-O Ba3 10. Bg5 f6 11. Bd2 Bf5 12. bxa3 Bxe4 13. Qc4 Nd7 14. Bd3
N7b6 15. Qb3 a5 16. c4 a4 17. Qc2 Nxc4 18. Qxc4 Ra6 19. Kb1 Rc6 20. Ka1 Rxc4
21. Bxc4 c6 22. Rhe1 b5 23. Bf1 h6 24. Rc1 Qd6 25. h3 Qxa3 26. Re3 Nxe3 {Normal
} 0-1

[Event "Rated Blitz game"]
[Site "?"]
[Date "2021.06.14"]
[Round "?"]
[White "V_vs"]
[Black "KinzyabulatovRenat"]
[Result "1/2-1/2"]
[WhiteElo "2545"]
[BlackElo "2447"]
[PlyCount "120"]
[EventDate "2021.??.??"]
[EventType "blitz"]

1. e4 e5 2. Nf3 d5 3. d4 dxe4 4. Nxe5 Bd6 5. Nc3 Nf6 6. Nc4 O-O 7. Be2 Nc6 8.
O-O Nxd4 9. Bg5 Re8 10. Nd5 Be5 11. Nxe5 Qxd5 12. Bxf6 gxf6 13. Ng4 Nxe2+ 14.
Qxe2 Qg5 15. Ne3 f5 16. f4 Qg7 17. c3 Be6 18. Rad1 Rad8 19. Qb5 Qg6 20. Qxb7
Rb8 21. Qc6 Kh8 22. b3 Rg8 23. Qxc7 a5 24. Qxa5 Ra8 25. Qe5+ Rg7 26. Rf2 h5 27.
Rfd2 Kh7 28. c4 h4 29. c5 Rgg8 30. c6 Rgc8 31. c7 Ra7 32. Rd8 Qg7 33. Qxg7+
Kxg7 34. Rxc8 Bxc8 35. Rc1 Rxa2 36. b4 Rb2 37. Nd5 Kf8 38. Nb6 Bb7 39. c8=Q+
Bxc8 40. Rxc8+ Kg7 41. Nd5 h3 42. gxh3 Rd2 43. Rc5 Kg6 44. b5 Rb2 45. b6 f6 46.
Rc6 Rb5 47. Rxf6+ Kg7 48. Rxf5 Kg6 49. Re5 e3 50. Nxe3 Rxb6 51. Re6+ Rxe6 52.
f5+ Kf6 53. fxe6 Kxe6 54. Kg2 Kf6 55. Kg3 Kg5 56. h4+ Kh5 57. Kh3 Kh6 58. Kg4
Kh7 59. h5 Kh8 60. Kg5 Kh7 {Time forfeit} 1/2-1/2

[Event "Rated Blitz tournament 5E4upzYG"]
[Site "?"]
[Date "2021.06.13"]
[Round "?"]
[White "Chillkroete77"]
[Black "CarlitosCL"]
[Result "1-0"]
[WhiteElo "2428"]
[BlackElo "2224"]
[PlyCount "91"]
[EventDate "2021.??.??"]
[EventType "blitz"]

1. e4 e5 2. Nf3 d5 3. exd5 Qxd5 4. Nc3 Qe6 5. Be2 Bd6 6. O-O Ne7 7. d4 exd4 8.
Nxd4 Qf6 9. Ndb5 O-O 10. Nxd6 cxd6 11. Bf3 Nbc6 12. Be3 Be6 13. Qxd6 Rfd8 14.
Qf4 Qxf4 15. Bxf4 Nd5 16. Nxd5 Bxd5 17. Bxd5 Rxd5 18. c3 f5 19. Rfe1 Kf7 20. f3
h6 21. h4 Rg8 22. h5 g5 23. hxg6+ Rxg6 24. Re2 h5 25. Kf2 Nd8 26. Rh1 Ne6 27.
Be5 Rh6 28. g4 fxg4 29. fxg4 h4 30. Kf3 Nc5 31. g5 Re6 32. Bf4 Rxe2 33. Kxe2
Ne6 34. Be3 Nxg5 35. Rxh4 Kg6 36. Rg4 a6 37. Rxg5+ Rxg5 38. Bxg5 Kxg5 39. Ke3
Kf5 40. Kd4 Ke6 41. Kc5 Kd7 42. Kb6 Kc8 43. c4 Kb8 44. c5 Kc8 45. c6 bxc6 46.
Kxc6 {Normal} 1-0

[Event "Rated Blitz game"]
[Site "?"]
[Date "2021.06.13"]
[Round "?"]
[White "Granfeller"]
[Black "magos33"]
[Result "0-1"]
[WhiteElo "2316"]
[BlackElo "2418"]
[PlyCount "80"]
[EventDate "2021.??.??"]
[EventType "blitz"]

1. e4 e5 2. Nf3 d5 3. Nxe5 Bd6 4. d4 dxe4 5. Nc3 Bxe5 6. dxe5 Qxd1+ 7. Kxd1 Bf5
8. h3 Nc6 9. g4 Bg6 10. Bg2 O-O-O+ 11. Ke2 Nxe5 12. Nxe4 h5 13. f4 Bxe4 14.
Bxe4 Nf6 15. Bf5+ Ned7 16. g5 Nd5 17. c4 Rhe8+ 18. Kf3 Ne7 19. Bc2 g6 20. b3
Nc6 21. Be3 Nb6 22. Rad1 Rxd1 23. Rxd1 Nd7 24. Be4 Ndb8 25. Bd5 Nd8 26. a4 a6
27. Bc5 Ne6 28. Bf2 Nd7 29. Re1 Nd4+ 30. Bxd4 Rxe1 31. Bxf7 Nf8 32. Bc5 Ne6 33.
Bb4 Rf1+ 34. Kg2 Nxg5 35. Kxf1 Nxf7 36. Kg2 Kd7 37. Kg3 Ke6 38. Bc3 Kf5 39. b4
Nd6 40. c5 Ne4+ {Normal} 0-1

[Event "Rated Blitz tournament XNuMqIrl"]
[Site "?"]
[Date "2021.06.13"]
[Round "?"]
[White "stellendammer"]
[Black "RR21"]
[Result "0-1"]
[WhiteElo "2211"]
[BlackElo "2435"]
[PlyCount "126"]
[EventDate "2021.??.??"]
[EventType "blitz"]

1. e4 e5 2. Nf3 d5 3. d3 dxe4 4. dxe4 Qxd1+ 5. Kxd1 Nc6 6. c3 Bg4 7. Kc2 O-O-O
8. Bb5 Nge7 9. Nbd2 f6 10. a4 a6 11. Bxc6 Nxc6 12. Nb3 Be7 13. Be3 Rd7 14. Nc5
Rdd8 15. Rad1 Bxc5 16. Bxc5 b6 17. Be3 Bh5 18. Rd2 Bg6 19. Rxd8+ Rxd8 20. Nd2
Kb7 21. f3 Ne7 22. g4 h5 23. h3 Rd7 24. Rg1 hxg4 25. hxg4 Bf7 26. Rh1 Nc8 27.
Rh7 Be6 28. Rh1 Nd6 29. Rg1 b5 30. axb5 axb5 31. Nb3 Kc8 32. Nc5 Re7 33. Nxe6
Rxe6 34. Rh1 Re7 35. Rh8+ Kb7 36. Rh7 Rd7 37. Bh6 Ne8 38. Be3 Kc6 39. Rh8 Nd6
40. b3 Nb7 41. Rg8 Nd6 42. Rb8 Re7 43. Ra8 Re8 44. Ra6+ Kd7 45. Ra5 Rh8 46. Kd3
Rh3 47. Ke2 Rh2+ 48. Bf2 Rh1 49. Be1 Rh2+ 50. Bf2 Kc6 51. Ra6+ Kb7 52. Ra5 Rh1
53. Ra2 Rb1 54. Ra3 c6 55. Bc5 Nc8 56. Kd2 Nb6 57. Kc2 Rh1 58. Kd2 Rh2+ 59. Ke3
Rh3 60. Be7 Nc8 61. Bc5 Rh1 62. Ra2 Rb1 63. Rd2 Rxb3 {Time forfeit} 0-1

[Event "Rated Blitz game"]
[Site "?"]
[Date "2021.06.13"]
[Round "?"]
[White "Gmosmani"]
[Black "Muhamedlika"]
[Result "0-1"]
[WhiteElo "2250"]
[BlackElo "2400"]
[PlyCount "26"]
[EventDate "2021.??.??"]
[EventType "blitz"]

1. e4 e5 2. Nf3 d5 3. exd5 c6 4. Nc3 cxd5 5. Bb5+ Nc6 6. d4 e4 7. Ne5 Nge7 8.
O-O a6 9. Qh5 g6 10. Qh4 axb5 11. Qf6 Rg8 12. Bg5 Be6 13. f4 Bg7 {Normal} 0-1

[Event "Rated Blitz game"]
[Site "?"]
[Date "2021.06.13"]
[Round "?"]
[White "adrianrdosina"]
[Black "magos33"]
[Result "1-0"]
[WhiteElo "2381"]
[BlackElo "2417"]
[PlyCount "101"]
[EventDate "2021.??.??"]
[EventType "blitz"]

1. e4 e5 2. Nf3 d5 3. Nc3 dxe4 4. Nxe5 Bd6 5. d4 exd3 6. Nxd3 Bf5 7. Be2 Nc6 8.
O-O Nge7 9. Nb5 O-O 10. Nxd6 cxd6 11. Bf4 d5 12. c3 d4 13. c4 Ng6 14. Bg3 Be6
15. Rc1 f5 16. Nf4 Nxf4 17. Bxf4 h6 18. a3 g5 19. Bd2 Rc8 20. Re1 Re8 21. Bf1
Qf6 22. h4 Ne5 23. hxg5 hxg5 24. Bxg5 Qxg5 25. Rxe5 Qf4 26. Qe1 Bf7 27. Rxe8+
Rxe8 28. Qd1 b6 29. c5 Rc8 30. c6 Bd5 31. Bc4 Qe5 32. Qb3 Bxc4 33. Qxc4+ Kg7
34. c7 Kf6 35. Qc6+ Ke7 36. Qb7 Kd7 37. Qc6+ Ke7 38. Kf1 d3 39. Re1 Qxe1+ 40.
Kxe1 d2+ 41. Kxd2 b5 42. Ke3 a5 43. Kf4 b4 44. Ke5 bxa3 45. Qe6+ Kf8 46. Qxc8+
Kg7 47. Qxf5 axb2 48. c8=Q b1=Q 49. Qcd7+ Kh8 50. Qxb1 Kg8 51. Qb8# {Normal}
1-0